| 000 | 01078nac a22003017a 4500 | ||
|---|---|---|---|
| 001 | BR8006389 | ||
| 003 | BR-BrBNA | ||
| 005 | 20240105114821.0 | ||
| 008 | 230509b bl.|||m| |||| 00| 0 por d | ||
| 040 |
_aBR-BrBNA _bpor _cBiblioteca Nacional de Agricultura |
||
| 072 | _aQ10; E70 | ||
| 090 | _aQ10 BR8006389 | ||
| 110 | 1 |
_aSecretaria do Planejamento, Ciencia e Tecnologia, Salvador, BA (Brasil). Centro de Planejamento da Bahia _99095 |
|
| 245 | 1 | _aPrograma de armazenagem para o estado da Bahia [armazenamento de alimento, comercializacao, Brasil] | |
| 260 | 3 |
_aSalvador, BA (Brasil): _c1980. |
|
| 300 | _a93 p. | ||
| 490 |
_aProgramas e Projetos - Secretaria do Planejamento, Ciencia e Tecnologia. Centro de Planejamento da Bahia (Brazil) _vno. 1 _x |
||
| 500 | _a30 tables; 4 Maps, scale 1:200.000 | ||
| 650 | _aCOMERCIALIZACAO | ||
| 650 | _aCACAU | ||
| 650 | _aPEIXE | ||
| 650 | _aCONSERVA | ||
| 650 | _aCOOPERATIVA | ||
| 650 | _aARMAZENAMENTO DE ALIMENTO | ||
| 650 | _aBAHIA | ||
| 909 |
_a202312 _bLúcia Elande _c55 _dLúcia Elande |
||
| 942 |
_2AGRIS _n0 _cMS |
||
| 999 |
_c271484 _d271484 |
||